000 00562nam a2200229 a 4500
001 nice12345678
003 IN_TiNIC
005 20260116014209.0
008 100119s2009 dela grp 000 0 eng
020 _a9788176259668
_c1550
082 0 0 _a822.33
_bANS
100 _aAnsari, A A
245 _aShakespearean and Other Essays
260 _aDelhi
_bSarup and Sons
_c2009
300 _a528p
500 _aincludes index and biblioraphy
650 _aShakespeare-Works
700 1 _aAnsari, A A
902 _bSRS
942 _cBK
999 _c14283
_d14283